| 000 | 00382 a2200145 4500 | ||
|---|---|---|---|
| 001 | 169336 | ||
| 020 | _a | ||
| 040 | _cMagnum | ||
| 100 | _aAgencia Regional de Noticias | ||
| 240 | 1 | 0 |
_aClipping em educacao - 17/07/00 a 23/07/00 - ano i - nº 48 _lpor |
| 245 | 1 | 0 | _aClipping em educacao - 17/07/00 a 23/07/00 - ano i - nº 48 |
| 362 | 0 | _a1899 | |
| 697 | _aENSINO | ||
| 942 | _cBK | ||
| 999 |
_c169336 _d169336 |
||